Language teaching: A scientific approach

Đã lưu trong:
书目详细资料
主要作者: Lado, Robert
格式: 图书
语言:Undetermined
出版: New York McGraw-Hill 1964
主题:
标签: 添加标签
没有标签, 成为第一个标记此记录!
Thư viện lưu trữ: Trung tâm Học liệu Trường Đại học Cần Thơ
LEADER 00471nam a2200181Ia 4500
001 CTU_183
008 210402s9999 xx 000 0 und d
082 |a 407 
082 |b L156 
100 |a Lado, Robert 
245 0 |a Language teaching: A scientific approach 
245 0 |c Robert Lado 
260 |a New York 
260 |b McGraw-Hill 
260 |c 1964 
650 |a language 
650 |x study and teaching 
980 |a Trung tâm Học liệu Trường Đại học Cần Thơ